[Event "LSS No Engine Cup 65 Preliminary 6"]
[Site "LSS email"]
[Date "2012.05.06"]
[Round "?"]
[White "Marino, Thierry"]
[Black "Neil, Charles"]
[Result "0-1"]
[WhiteElo "857"]
[BlackElo "615"]
[PlyCount "74"]
[EventDate "2012.05.07"]
[EventType "tourn (corr)"]
[EventRounds "6"]
[EventCountry "GER"]
[SourceTitle "Telechess CBM 153"]
[Source "ChessBase"]
[SourceDate "2013.03.14"]
[SourceVersion "1"]
[SourceVersionDate "2013.03.14"]
[SourceQuality "1"]

1. d4 Nf6 2. Nf3 e6 3. Bg5 d5 4. e3 Be7 5. Bd3 b6 6. Nbd2 Bb7 7. 0-0 0-0 8. Ne5 h6 9. Bh4 c5 10. c3 Bd6 11. f4 Nc6 12. Kh1 a5 13. Qe2 c4 14. Bc2 b5 15. a3 Be7 16. e4 Rb8 17. exd5 Qxd5 18. Bxf6 Bxf6 19. Ne4 Be7 20. Qh5 Nxe5 21. Qxe5 f6 22. Qxd5 Bxd5 23. Rfe1 Rfd8 24. Kg1 Kf8 25. g3 Rbc8 26. Re2 Kf7 27. Rae1 b4 28. axb4 axb4 29. Nd2 b3 30. Be4 Rc7 31. Bxd5 exd5 32. Nf1 Ra8 33. Ne3 Rd8 34. Nf5 Rdd7 35. Re6 Bf8 36. Kg2 Ra7 37. Nh4 Re7 0-1

[Event "LSS No Engine Cup 65 Preliminary 6"]
[Site "LSS email"]
[Date "2012.05.06"]
[Round "?"]
[White "Marino, Thierry"]
[Black "Verich, Oleg"]
[Result "0-1"]
[WhiteElo "857"]
[BlackElo "1112"]
[PlyCount "70"]
[EventDate "2012.05.07"]
[EventType "tourn (corr)"]
[EventRounds "6"]
[EventCountry "GER"]
[SourceTitle "Telechess CBM 153"]
[Source "ChessBase"]
[SourceDate "2013.03.14"]
[SourceVersion "1"]
[SourceVersionDate "2013.03.14"]
[SourceQuality "1"]

1. d4 Nf6 2. Nf3 e6 3. Bg5 Be7 4. Nbd2 0-0 5. e3 b6 6. Bd3 Bb7 7. 0-0 Nd5 8. Bxe7 Nxe7 9. Re1 d6 10. c3 c5 11. Qc2 h6 12. dxc5 dxc5 13. Rad1 Qc7 14. Be4 Nd7 15. Bxb7 Qxb7 16. Ne4 Qc6 17. Ng3 Ng6 18. Rd2 Nde5 19. Nxe5 Nxe5 20. b3 Rad8 21. c4 Qc7 22. Red1 f5 23. Ne2 Ng6 24. Rd3 Ne5 25. R3d2 Rxd2 26. Qxd2 Kf7 27. Qd6 Qxd6 28. Rxd6 Ke7 29. Rd2 g5 30. Nc3 a6 31. Na4 Nd7 32. Kf1 b5 33. cxb5 axb5 34. Nc3 Rb8 35. e4 Nf6 0-1

[Event "OP-2012-0-02075"]
[Site "LSS email"]
[Date "2012.02.21"]
[Round "?"]
[White "Marino, Thierry"]
[Black "Secondi, Alberto"]
[Result "1-0"]
[WhiteElo "882"]
[BlackElo "666"]
[PlyCount "111"]
[EventDate "2012.02.18"]
[EventType "tourn (corr)"]
[EventRounds "4"]
[EventCountry "GER"]
[SourceTitle "Telechess CBM 155"]
[Source "ChessBase"]
[SourceDate "2013.07.16"]
[SourceVersion "1"]
[SourceVersionDate "2013.07.16"]
[SourceQuality "1"]

1. d4 g6 2. Nf3 Bg7 3. g3 Nf6 4. Bg2 0-0 5. Bg5 d5 6. 0-0 Bg4 7. Nbd2 Nbd7 8. h3 Bxf3 9. Nxf3 c5 10. Bxf6 exf6 11. c3 c4 12. Qc2 Qc7 13. e4 dxe4 14. Qxe4 Rfe8 15. Qc2 Re7 16. Rfe1 Rae8 17. Qd2 b5 18. a3 Rxe1+ 19. Rxe1 Rxe1+ 20. Qxe1 Bf8 21. Qe8 Nb6 22. Qxb5 Nc8 23. Nd2 Nd6 24. Qc6 Qxc6 25. Bxc6 Be7 26. Bd5 f5 27. Nxc4 Ne4 28. Ne5 Nd6 29. Nc6 Kf8 30. Nxa7 Bg5 31. f4 Bd8 32. Nc6 Bc7 33. a4 Ke8 34. a5 Kd7 35. Ne5+ Ke7 36. a6 Nc8 37. Nc6+ Kd6 38. Bf3 Nb6 39. a7 Kd7 40. Ne5+ Ke6 41. a8Q Nxa8 42. Bxa8 Bd6 43. c4 Bb4 44. Kf2 f6 45. Nd3 Bd6 46. d5+ Kd7 47. b4 Kc7 48. c5 Bf8 49. d6+ Kd7 50. Ke3 h6 51. Nb2 g5 52. Nc4 h5 53. b5 Kc8 54. c6 gxf4+ 55. Kxf4 Bh6+ 56. Kxf5 1-0

[Event "RN-2011-0-00434"]
[Site "LSS email"]
[Date "2011.12.29"]
[Round "?"]
[White "Marino, Thierry"]
[Black "Bauer, Rudolf"]
[Result "0-1"]
[WhiteElo "800"]
[BlackElo "1480"]
[PlyCount "28"]
[EventDate "2011.12.16"]
[EventType "tourn (corr)"]
[EventRounds "6"]
[EventCountry "GER"]
[SourceTitle "Corr 2015"]
[Source "ChessBase"]
[SourceDate "2015.07.17"]
[SourceVersion "1"]
[SourceVersionDate "2015.07.17"]
[SourceQuality "1"]

1. d4 Nf6 2. Nf3 d5 3. Bg5 Ne4 4. Bf4 f6 5. h3 c5 6. c3 cxd4 7. cxd4 Nc6 8. Qb3 e5 9. dxe5 Bb4+ 10. Nbd2 fxe5 11. Bh2 Qa5 12. Rd1 Nd4 13. Nxd4 Bxd2+ 14. Rxd2 Qxd2# 0-1

[Event "RN-2011-0-00434"]
[Site "LSS email"]
[Date "2011.12.29"]
[Round "?"]
[White "Marino, Thierry"]
[Black "Bortnicker, Justin"]
[Result "1/2-1/2"]
[WhiteElo "800"]
[BlackElo "862"]
[PlyCount "93"]
[EventDate "2011.12.16"]
[EventType "tourn (corr)"]
[EventRounds "6"]
[EventCountry "GER"]
[SourceTitle "Telechess CBM 157"]
[Source "ChessBase"]
[SourceDate "2013.11.12"]
[SourceVersion "1"]
[SourceVersionDate "2013.11.12"]
[SourceQuality "1"]

1. d4 d5 2. Nf3 Nf6 3. Bg5 e6 4. e3 Be7 5. Bd3 0-0 6. Nbd2 c5 7. c3 c4 8. Bc2 h6 9. Bh4 Qb6 10. Rb1 Nc6 11. 0-0 Qc7 12. Bg3 Bd6 13. Bxd6 Qxd6 14. e4 Qd8 15. e5 Nd7 16. Ne1 b5 17. a3 a5 18. f4 b4 19. axb4 axb4 20. Ba4 Qb6 21. Bxc6 Qxc6 22. f5 bxc3 23. bxc3 Rb8 24. fxe6 Qxe6 25. Nc2 Rb6 26. Nb4 Bb7 27. Nf3 Nb8 28. Qc2 Nc6 29. Nxc6 Rxb1 30. Qxb1 Bxc6 31. Nh4 Bd7 32. Qe1 Rb8 33. Qg3 Qa6 34. Qf4 Be6 35. Nf5 Bxf5 36. Qxf5 Rf8 37. Re1 Re8 38. Rf1 Qb7 39. h4 Qc7 40. g4 Re6 41. Qf3 Qe7 42. Qxd5 Qxh4 43. Qa8+ Kh7 44. Qe4+ Kg8 45. Qa8+ Kh7 46. Qe4+ Kg8 47. Qa8+ 1/2-1/2

[Event "Saint Affrique op 09th"]
[Site "Saint Affrique"]
[Date "2001.07.25"]
[Round "6.48"]
[White "Boulier, Rene"]
[Black "Marino, Thierry"]
[Result "0-1"]
[WhiteElo "2065"]
[BlackElo "1770"]
[PlyCount "58"]
[EventDate "2001.07.??"]
[EventType "swiss"]
[EventRounds "9"]
[EventCountry "FRA"]
[SourceTitle "EXT 2003"]
[Source "ChessBase"]
[SourceDate "2002.11.25"]
[SourceVersion "1"]
[SourceVersionDate "2002.11.25"]
[SourceQuality "1"]

1. e4 g6 2. d4 Bg7 3. f4 d6 4. Nf3 Nf6 5. Bd3 0-0 6. h3 c6 7. 0-0 b5 8. Be3 Bb7 9. Nbd2 Nbd7 10. Qe2 a6 11. c3 Qc7 12. g4 c5 13. Rac1 d5 14. e5 Ne4 15. Qg2 Rac8 16. Nh4 Qc6 17. Ndf3 f6 18. b4 fxe5 19. dxe5 Bh6 20. g5 Bg7 21. Bxe4 dxe4 22. Nh2 Rfd8 23. Ng4 Qd5 24. Rfd1 Qc4 25. Rxd7 Rxd7 26. Bxc5 Rcd8 27. Ne3 Qd3 28. Qg3 Qe2 29. Rc2 Rd1+ 0-1